Statistics for Jake Owen Charting Songs (Billboard Hot 100)

Click here to take the quiz!

General Stats

  • This quiz has been taken 22 times
    (5 since last reset)
  • The average score is 13 of 19

Answer Stats

AlbumWeeks OnPeakArtist(s)Song% Correct
American Love17 Weeks#55Jake OwenAmerican Country Love Song
100%
Barefoot Blue Jean Night24 Weeks#21Jake OwenBarefoot Blue Jean Night
100%
Days of Gold20 Weeks#26Jake OwenBeachin'
100%
Days of Gold9 Weeks#83Jake OwenDays of Gold
100%
Barefoot Blue Jean Night20 Weeks#46Jake OwenAnywhere with You
75%
Easy Does It13 Weeks#70Jake OwenEight Second Ride
75%
Greetings From... Jake16 Weeks#39Jake OwenHomemade
75%
Greetings from... Jake20 Weeks#32Jake OwenMade for You
75%
Non-Album Single13 Weeks#74Jake OwenReal Life
75%
Barefoot Blue Jean Night20 Weeks#51Jake OwenThe One That Got Away
75%
Startin' with Me7 Weeks#83Jake OwenYee Haw
75%
Barefoot Blue Jean Night20 Weeks#41Jake OwenAlone with You
50%
Non-Album Single4 Weeks#72Jake OwenBest Thing Since Backroads
50%
Greetings From... Jake13 Weeks#65Jake OwenDown to the Honkytonk
50%
Greetings from... Jake11 Weeks#43Jake OwenI Was Jack (You Were Diane)
50%
Startin' with Me9 Weeks#83Jake OwenStartin' with Me
50%
Days of Gold11 Weeks#89Jake OwenWhat We Ain't Got
50%
Easy Does It15 Weeks#57Jake OwenDon't Think I Can't Love You
25%
Love on the Inside3 Weeks#43Sugarland ft. Little Big Town & Jake OwenLife in a Northern Town
25%

Score Distribution

Percentile by Number Answered

Percent of People with Each Score

Your Score History

You have not taken this quiz since the last reset